Stará Kouřim a projevy velkomoravské hmotné kultury v Čechách
| Hlavní autor: | Šolle, Miloš, 1916-2004 |
|---|---|
| Jazyk: | Čeština |
| Vydáno: |
Praha, 1966 |
|
| LEADER | 00525nam a22001692a 4500 | ||
|---|---|---|---|
| 001 | 000113888 | ||
| 003 | CZ BrMZK | ||
| 005 | 19961101143423.0 | ||
| 007 | ta | ||
| 008 | 950101s1966 xr f cze d | ||
| 040 | |a BOA001 |b cze | ||
| 100 | 1 | |a Šolle, Miloš, |d 1916-2004 |7 jk01130729 | |
| 245 | 1 | 0 | |a Stará Kouřim a projevy velkomoravské hmotné kultury v Čechách |
| 260 | |a Praha, |c 1966 | ||
| 910 | |a BOA001 |b 4-0564.022 | ||
| 990 | |a BK | ||
| 996 | 7 | |b 2619965389 |c 4-0564.022 |l MZK |r Sklad / do 1 hodiny |n 19 |w 000113888 |u 000010 |a 1 |e BOA001 |j MZK50 |s A | |
English
Čeština 